Random French Vocabulary #3 - Statistics

General Stats
  • This quiz has been taken 93 times
  • The average score is 14 of 15
Answer Stats
French English % Correct
les the
100%
un a/an
99%
et and
99%
la the
99%
le the
99%
une a/an
98%
vous you
98%
il he
97%
elle she
97%
ils they
94%
elles they
94%
mais but
93%
parce que because
91%
nous we
91%
donc so
67%
No matching quizzes found
Score Distribution
Percent of People with Each Score
Percentile by Number Answered
Your Score History
You have not taken this quiz